01215nam a22002657a 450000500170000000800410001702000180005804000070007604100080008308200200009110000290011124500450014025000160018526000380020130000260023936500530026552005010031865000120081965000110083165000100084270000310085270000210088370000240090470000210092820211007164554.0211007b ||||| |||| 00| 0 eng d a9789353450755 cAL aeng 223a362.5bBANP aAbhijit Vinayak Banerjee aPoverty and Income Distribution in India a1st Rev.ed. aNew DelhibJuggernaut Booksc2019 axiv,648bPBc22x14 cm a2787b₹559.20c₹d₹699.00e20%f05-10-2021 aPoverty and Income Distribution in India, first published in 1974, brought together the global whos who of poverty research of that time. But over the years, out of print, this important book had essentially vanished from library collections around the world. With four new essays by the present editors and one by the economics Nobel laureate Amartya Sen, which reflect on the shifts in perspective that have taken place in the decades gone by, this updated volume is an essential reference..... aPoverty aIncome aIndia aBANERJEE (Abhijit Vinayak) aBARDHAN (Pranab) aSOMANATHAN (Rohini) aSRINIVASAN (T N)